Multi robot user interface design based on hci principles (Record no. 211166)

000 -LEADER
fixed length control field 00445 a2200169 4500
003 - CONTROL NUMBER IDENTIFIER
control field Nust
005 - DATE AND TIME OF LATEST TRANSACTION
control field 20170207165240.0
040 ## - CATALOGING SOURCE
Transcribing agency Nust
082 ## - DEWEY DECIMAL CLASSIFICATION NUMBER
Classification number 005.133
100 ## - MAIN ENTRY--PERSONAL NAME
Personal name Naveed, Sidra (MSCS-18)
245 ## - TITLE STATEMENT
Title Multi robot user interface design based on hci principles
Statement of responsibility, etc. Sidra Naveed
260 ## - PUBLICATION, DISTRIBUTION, ETC.
Place of publication, distribution, etc. Rawalpindi
Name of publisher, distributor, etc. MCS,NUST
Date of publication, distribution, etc. April-2014
300 ## - PHYSICAL DESCRIPTION
Extent viii,77p
538 ## - SYSTEM DETAILS NOTE
System details note Almirah No,71 Shelf No,5
650 ## - SUBJECT ADDED ENTRY--TOPICAL TERM
Topical term or geographic name entry element based on hci principles
651 ## - SUBJECT ADDED ENTRY--GEOGRAPHIC NAME
Geographic name MSCS-18
942 ## - ADDED ENTRY ELEMENTS (KOHA)
Koha item type
Holdings
Withdrawn status Lost status Source of classification or shelving scheme Damaged status Not for loan Collection code Permanent Location Current Location Date acquired Total Checkouts Full call number Barcode Date last seen Price effective from Koha item type Shelving location
            Central Library (CL) Central Library (CL) 11/09/2020   005 CL-T-1118 11/09/2020 11/09/2020   Thesis
            Military College of Signals (MCS) Military College of Signals (MCS) 12/12/2016   005.133 NAV MCSTCS-322 12/08/2016 12/12/2016 Book  
© 2023 Central Library, National University of Sciences and Technology. All Rights Reserved.